イナズマイレブンGO(アニメ)の必殺技 - Statistics

General Stats
  • This quiz has been taken 59 times
  • The average score is 84 of 250
Answer Stats
必殺技名 技の使用人数と種類 使用者(タクティクスは使用チーム) % Correct
バーニングキャッチ 1人キーパー 三国太一
89%
そよかぜステップ 1人オフェンス 松風天馬
89%
デスソード 1人シュート 剣城京介
84%
フォルテシモ 1人シュート 神童拓人
76%
ゴッドハンド 1人キーパー 円堂守
74%
フェンス・オブ・ガイア 1人キーパー 三国太一
68%
ファイアトルネード 1人シュート 影山零治
68%
ハーモニクス 1人シュート 神童拓人(奏者マエストロ)
63%
マッハウィンド 1人シュート 松風天馬
63%
デスドロップ 1人シュート 剣城京介
63%
ハンターズネット 1人ディフェンス 狩屋マサキ
63%
ぶっとびジャンプ 1人シュート 西園信助
61%
パンサーブリザード 1人シュート 雪村豹牙
61%
マジン・ザ・ハンド 1人キーパー 西園信助(護星神タイタニアス)
61%
無頼ハンド 1人キーパー 三国太一
61%
皇帝ペンギン7 1人シュート 御門春馬
61%
ザ・ミスト 1人ディフェンス 霧野蘭丸
58%
ディープミスト 1人ディフェンス 霧野蘭丸
58%
バウンサーラビット 1人シュート フェイ・ルーン
58%
ペンギン・ザ・ハンド 1人キーパー メカ円堂
58%
シュートコマンド07(ダブルショット) 1人シュート ベータ
58%
ファイアトルネードDD 2人シュート 松風天馬、剣城京介、豪炎寺修也
58%
ソニックショット 1人シュート 南沢篤志
55%
ダッシュトレイン 1人ディフェンス 車田剛一
55%
なみのりピエロ 1人オフェンス 浜野海士
55%
サイドワインダー 1人シュート 倉間典人
55%
伝来宝刀 1人シュート 錦龍馬
55%
パーフェクトコース 1人シュート 雪地蛍壱
53%
ロストエンジェル 1人シュート 剣城京介(剣聖ランスロット)
53%
神のタクト タクティクス 新生雷門中、チーム雷門、アースイレブン
53%
ゼロヨン 1人オフェンス 速水鶴正
53%
旋風陣 1人ディフェンス 木暮夕弥
53%
エターナルブリザード 1人シュート 雪村豹牙、吹雪士郎
53%
かっとびディフェンス 2人ディフェンス 西園信助、狩屋マサキ
53%
マボロシショット 1人シュート 真帆路正
53%
アトランティスウォール 1人ディフェンス 天城大地
53%
ザ・ウォール 1人ディフェンス 壁山塀吾郎
53%
疾風ダッシュ 1人オフェンス 風丸一郎太
53%
大国謳歌 1人キーパー 西園信助
53%
グレートマックスなオレ 1人シュート ザナーク・アバロニク、市川座名九郎
53%
ビバ!万里の長城 1人ディフェンス 天城大地
50%
ワンダートラップ 1人ディフェンス 松風天馬
50%
ぶっとびパンチ 1人キーパー 西園信助
50%
ゴッドウィンド 1人シュート 松風天馬
50%
最強イレブン波動 3人シュート 松風天馬、剣城京介、神童拓人、フェイ・ルーン
50%
シュートコマンド01(スピニングトランザム) 1人シュート アルファ
50%
皇帝ペンギン2号 3人シュート 風秋ヨネ、楓野小道、秋山ヒミコ、鬼道有人、不動明王、風丸一郎太、影山零治、リュゲル・バラン、ガンダレス・バラン
50%
あそこにUFO 1人オフェンス 皆帆和人
50%
マジシャンズボックス 1人シュート 光良夜桜(奇術魔ピューリム)
47%
プレストターン 1人オフェンス 神童拓人、青山俊介
47%
スパイラルドロー 1人ディフェンス 松風天馬
47%
エクステンドゾーン 1人シュート 影山輝
47%
キングファイア 1人キーパー 千宮路大和(賢王キングバーン)
47%
デビルバースト 1人シュート 剣城京介
47%
ホワイトブレス 1人シュート 白竜(聖獣シャイニングドラゴン)
47%
ブラックアッシュ 1人シュート シュウ
47%
風林火山デストロイヤー 4人シュート(ゲームは1人シュート) 大風谷義一、林野不二子、火北幸四郎、牙山道三
47%
もちもち黄粉餅 1人ディフェンス 菜花黄名子
47%
菊一文字 1人シュート 剣城京介
47%
クロシオライド 1人オフェンス 錦龍馬
47%
王の剣 1人オフェンス 松風天馬
47%
ディープジャングル 3人ディフェンス 風丸一郎太、壁山塀吾郎、佐久間次郎
47%
シュートコマンド06(プラズマボール) 1人シュート エイナム、ダーナ
47%
ゴッドハンドV 1人キーパー 円堂守
47%
トライアングルZZ 3人シュート 貴志部大河、和泉奏秋、跳沢真波
47%
ブリタニアクロス 2人オフェンス 佐々鬼厳、逸見久仁彦、一乃七助、青山俊介
45%
パワースパイク 1人キーパー 雅野麗一
45%
アイシクルロード 1人シュート 雪村豹牙(豪雪のサイア)、ユウチ(豪雪のサイア)
45%
サンシャインフォース 1人シュート 雨宮太陽(太陽神アポロ)
45%
ホワイトハリケーン 1人シュート 白竜
45%
オリンポスハーモニー 1人オフェンス 神童拓人
45%
ジョーカーレインズ 2人シュート 剣城京介、神童拓人
45%
アグレッシブビート 1人オフェンス 松風天馬
45%
グレイト・ザ・ハンド 1人キーパー 円堂守(魔神グレイト)
45%
一夜城 3人ディフェンス 太助、獅子丸、五郎太
45%
刹那ブースト 1人シュート 神童拓人
45%
やきもちスクリュー 1人シュート 菜花黄名子
45%
武神連斬 1人シュート 錦龍馬(戦国武神ムサシ)
42%
スカイウォーク 1人オフェンス 西園信助
42%
バリスタショット 1人シュート 黒裂真命
42%
爆熱ストーム 1人シュート 黒裂真命(炎魔ガザード)
42%
魔王の斧 1人シュート シュウ(暗黒神ダークエクソダス)
42%
ラ・フラム 1人ディフェンス 霧野蘭丸
42%
スパークルウェイブ 1人シュート 綱海条介
42%
ギガトンヘッド 1人シュート 円堂守
42%
天地雷鳴 1人シュート 雨宮太陽
42%
キーパーコマンド07(ジャイロセービング) 1人キーパー ルジク
42%
シュートコマンド24(オメガアタック) 3人シュート アルファ、ベータ、ガンマ
42%
ファイアトルネードTC 3人シュート 菜花黄名子、松風天馬、剣城京介
42%
サルガッソー 2人ディフェンス 龍崎皇児、飛鳥寺朔也
39%
ジャスティスウィング 1人シュート 松風天馬(魔神ペガサスアーク)
39%
エボリューション 3人シュート 松風天馬、神童拓人、剣城京介
39%
ディザスターブレイク 1人シュート ザナーク・アバロニク
39%
王者の牙 1人シュート フェイ・ルーン
39%
デッドフューチャー 2人シュート ギリス、メイア
39%
シキガミラインズ 1人キーパー チェット(白尾神タマズサ)
39%
ドラゴンブラスター 1人シュート 白竜
39%
イナズマブレイク 3人シュート 鬼道有人、円堂守、豪炎寺修也
39%
パルクールアタック 1人シュート 瞬木隼人
39%
キーパーコマンド03(ドーンシャウト) 1人キーパー ザノウ
39%
ディフェンスコマンド06(マグネットドロー) 1人ディフェンス メダム
39%
ゴッドハンドW 1人キーパー 松風天馬
39%
フライングフィッシュ 1人シュート 喜峰岬
37%
絶対障壁 タクティクス 白恋中
37%
ソードエクスカリバー 2人シュート 白竜、シュウ(聖騎士アーサー)
37%
昇り龍 1人オフェンス 錦龍馬
37%
古代の牙 1人シュート フェイ・ルーン
37%
シェルビットバースト 1人シュート サリュー・エヴァン
37%
風穴ドライブ 1人オフェンス 松風天馬
37%
バイシクルソード 1人シュート 剣城京介
37%
ブラックドーン 2人シュート 剣城京介、瞬木隼人
37%
嵐・竜巻・ハリケーン 1人シュート 松風天馬
37%
Zスラッシュ 1人オフェンス 松風天馬
37%
シーフ・アイ 1人ディフェンス 書崎育
34%
ギガンティックボム 1人キーパー 兵頭司(巨神ギガンテス)、佐田土佐丸(鉄壁のギガドーン)
34%
ダブルウィング タクティクス 新生雷門中
34%
アクロバットキープ 1人オフェンス 錦龍馬
34%
火縄バレット 2人シュート 前林香林、工党千児
34%
ハンティングランス 1人ディフェンス トーブ(太古の戦士ジャガウォック)
34%
エクストリームラビット 2人シュート フェイ・ルーン、松風天馬
34%
ラストデスゾーン 3人シュート 染岡竜吾、吹雪士郎、基山ヒロト
34%
スパークエッジドリブル 1人オフェンス 雨宮太陽
34%
シュートコマンド08(ラブアロー) 1人シュート ネイラ
34%
シュートコマンドK02(アテナアサルト) 1人シュート ベータ(虚空の女神アテナ)
34%
ファルコ・ウィング 1人シュート 隼総英聖(鳥人ファルコ)
32%
アルティメットサンダー タクティクス 新生雷門中
32%
サーペントファング 1人キーパー 蛇野巻人
32%
ソード・オブ・ファイア 3人シュート(ゲームは1人シュート) 松風天馬、神童拓人、剣城京介(魔帝グリフォン)
32%
サンドカッター 1人キーパー シュテン
32%
ハートレイピア 1人シュート メイア(情熱のラヴァーズ)
32%
シャイニングホール 1人キーパー ロータス
32%
ワイルドダンク 1人キーパー 井吹宗正
32%
ディフェンス方程式 1人ディフェンス 真名部陣一郎
32%
ぎんがロケット 1人キーパー 西園信助
32%
ディフェンスコマンド03(コイルアッパー) 1人ディフェンス ダーナ
32%
神のタクトFI タクティクス エルドラドチーム0、新生イナズマジャパン、アースイレブン
32%
クレイモア 1人オフェンス 甲斐信武
29%
クリスタルバリア 1人キーパー 白咲克也
29%
ギャロップバスター 1人シュート 滝総介(鉄騎兵ナイト)
29%
ディメンションカット 1人ディフェンス 小鳩宏夫
29%
シュートブレイク 1人キーパー 征木帝矢
29%
そよヤギステップ 1人オフェンス 松風天馬
29%
ゼロマグナム 2人シュート 白竜、シュウ
29%
フラクタルハウス 3人ディフェンス デブーン、ウォーリー、ストロウ
29%
スクリュードライバー 1人ディフェンス ヤシャ
29%
きらきらイリュージョン 1人ディフェンス 菜花黄名子
29%
満月ラッシュ 1人シュート フェイ・ルーン(光速闘士ロビン)
29%
リジェクション 1人キーパー ブーフウ
29%
カオスメテオ 1人シュート フラン
29%
アインザッツ 1人ディフェンス 神童拓人
29%
キョウボウヘッド 1人シュート 九坂隆二
29%
このはロール 1人ディフェンス 森村好葉
29%
ゲキリンダンク 1人キーパー 井吹宗正
29%
ジ・アース∞ 3人シュート 松風天馬、神童拓人、剣城京介
29%
シュートコマンド20(双飛遊星弾) 2人シュート グラ・フォム、ブル・レクス
29%
ムーンサルトスタンプ 1人キーパー 影浦透司
26%
ガーディアンシールド 1人キーパー 篠山ミツル(機械兵ガレウス)、硬山強(重機兵バロン)
26%
風神の舞 1人オフェンス ジョニー・オータム
26%
ダンシングゴースト 1人オフェンス 真帆路正(幻影のダラマンガラス)
26%
エクセレントブレスト 1人キーパー マッチョス
26%
光輪の矢 1人ディフェンス 菜花黄名子(暁ノ巫女アマテラス)
26%
リバースワールド 1人キーパー ホス
26%
サンシャインストーム 1人シュート 雨宮太陽
26%
アスタリスクロック 1人ディフェンス アスタ
26%
ディスティニークラウド 1人キーパー ロータス
26%
エレファントプレス 2人ディフェンス 蒲石常興、大沢田虎鉄
24%
バウンドフレイム 1人シュート 白都聖志郎
24%
ハイドロアンカー 1人キーパー 深淵断道
24%
フライングルートパス タクティクス 新生雷門中
24%
エアーバレット 1人ディフェンス 天瀬玲亜
24%
ビームこぶし 1人キーパー からくり兵馬俑
24%
バンジースラスト 1人オフェンス メイズ
24%
地走り火炎 1人ディフェンス ぺ・ジョンホ
24%
トレースプレス 1人ディフェンス 皆帆和人
24%
スターゲイザー 1人シュート ビットウェイ・オズロック
24%
オフェンスコマンド04(スピニングアッパー) 1人オフェンス クオース、レイザ
24%
キーパーコマンド16(弧月十字掌) 1人キーパー ラウ・セム
24%
ラッキーダイス 1人キーパー 箱野随一(勝負師ダイスマン)
21%
レインボーバブルショット 1人シュート 虹橋レイン
21%
ダイナソーブレイク 1人シュート アイアンガッツ
21%
グラビティポイント 1人キーパー 六塔源蔵
21%
デコイ・リリース 1人オフェンス ユウチ
21%
グランドラスター タクティクス クロノストーム
21%
ディメンションストーム 1人シュート アスタ
21%
フローラルデスペアー 1人シュート ジニアスジニアス
21%
大爆発張り手 1人キーパー ナム・ドヒョン
21%
ゴールドフィーバー 1人シュート マクシム・アドロフ
21%
ライジングスラッシュ 1人キーパー 井吹宗正
21%
フットワークドロウ 1人ディフェンス 鉄角真
21%
デッドストレート 1人シュート 鉄角真
21%
スクリーム・オブ・エデン 2人シュート リュゲル・バラン、ガンダレス・バラン
21%
ゴッドトライアングル タクティクス 木戸川清修中
18%
イリュージョンボール 1人オフェンス 清水柳人
18%
ビッグシザース 2人ディフェンス 山裂虎太郎、大磯川太郎
18%
かげつかみ 1人キーパー 虚木実美
18%
ヘヴィアクアランス 1人シュート 根淵海友(海帝ネプチューン)、ロデオ(海王ポセイドン)
18%
ラウンドスパーク 1人オフェンス 日向理恩
18%
ギアドライブ 1人シュート からくり兵馬俑
18%
オーガブレード 1人シュート ラセツ
18%
ラピッドファイア 1人シュート リ・チュンユン
18%
メガロドン 1人シュート コール・ラルーゼ、オクタ・パースン
18%
カザンガン 1人シュート ヴェス・ホーネ
18%
カザンライ 1人シュート ロダン・ガスグス
18%
ディフェンスコマンド14(無影乱舞、ゲームはディフェンスコマンド21) 3人ディフェンス レイ・ルク、リン・クール、マ・ドネル
18%
タクティクスサイクル タクティクス 月山国光中
16%
トリックボール 1人オフェンス 不知火幻一
16%
オケハザマウォール 1人ディフェンス 足黒芳一朗
16%
旋風の刃 1人オフェンス 稲葉大安(妖鬼カマイタチ)
16%
奇門遁甲の陣 タクティクス チーム雷門
16%
ギガバイトスクリュー 1人キーパー ファダム(深淵のアギラウス)
16%
オイルラッシュ 1人シュート サイード・アシュラフ
16%
ロックハンマー 1人ディフェンス バルガ・ザックス
16%
ジャックナイフ 1人オフェンス ヒラリ・フレイル
16%
ブーメランフェイント 1人オフェンス 逆崎無限
13%
ロケットヘッド 2人シュート 金平鉄斎、甲斐信武
13%
ツインミキサー 2人ディフェンス 金平鉄斎、長船典膳
13%
トランスムーブ 1人オフェンス からくり兵馬俑
13%
デスサイズミドル 2人ディフェンス ヤム・ボアパン、ナパ・ラダーム
13%
シルクロード 1人ドリブル ロラン・ラザレフ
13%
タクティクスAX3(バミューダウェーブ) タクティクス プロトコル・オメガ
13%
オプティカルファイバー タクティクス パーフェクト・カスケイド
11%
大砂漠砂嵐 タクティクス シャムシール
11%
キラーエルボー 1人キーパー ウドム・ゲウチャイ
11%
アイボリークラッシュ 1人シュート タムガン・ジャー
11%
ウォーターフォール 1人ディフェンス ネス・ビーチャ
11%
バブルボイル 1人シュート セバン・バシャ
11%
ホログラムロック 1人オフェンス ネオル・ロッツ
11%
リバウンドレイヤー 1人キーパー アルゴ・バージェス
11%
ジャッジメント・レイ 1人ディフェンス イシガシ・ゴーラム
11%
ベルセルクレイ タクティクス イクサルフリート
11%
ブリッツブリッジ 1人ディフェンス サッカーロボット
8%
スプリングアロー 1人シュート ジプス、ダク
8%
グランドスイーパー 1人ディフェンス ダク
8%
ビューティフルループ 1人オフェンス 野咲さくら
8%
ディグスルー 1人オフェンス ザバ・ハーラー
8%
ダストジャベリン 1人シュート カゼルマ・ウォーグ
8%
ディグアップ 1人ディフェンス ダフ・ナッター
8%
テンタクルホールド 1人ディフェンス バンダ・コローギュ
8%
3D・リフレクター タクティクス チーム雷門
8%
キルブリッジ 1人キーパー 芦矢昇
5%
ツバメ返し 1人オフェンス 稲葉大安
5%
サンドノック 1人キーパー バダイ・ジャラン
5%
マッシュルームホップ 1人オフェンス スタッグ・クワッタ
5%
ビッグマウス 1人キーパー ロンガ・カミキュラ
5%
サックアウト タクティクス ビッグウェイブス
3%
ドライブロー 1人キーパー スルタン・カラム
3%
ツイストリーチ 1人キーパー アレクセイ・カルノフ
3%
マグマカーペット 1人オフェンス エトゥナ・ホルク
3%
ローリングカッター 2人ディフェンス ミーチャ・エレミン、セルゲイ・チェルノフ
0%
アクアブレス 1人キーパー ヴァン・タレル
0%
No matching quizzes found
Score Distribution
Percent of People with Each Score
Percentile by Number Answered
Your Score History
You have not taken this quiz